01072nam a2200289Ia 4500001001200000003000800012006001900020007001500039008004100054020001800095020001800113040002100131035002100152050002300173100002300196245010000219260005800319300001400377500002000391533015200411650001700563650001300580655002900593710001700622856012600639999001700765ebr10739179CaPaEBRm o u cr cn|||||||||130801s2013 enk s 001 0 eng d z9780615644097 z9780615761466 aCaPaEBRcCaPaEBR a(OCoLC)85707054514aRD705b.A73 2013eb1 aArafiles, Ruben P.10aAdvanced orthopaedicsh[electronic resource] :bprinciples and techniques /cRuben P. Arafiles. a[Bradford :bEmerald Group Publishing Limited,c2013] av, 229 p. aIncludes index. aElectronic reproduction.bPalo Alto, Calif. :cebrary,d2013.nAvailable via World Wide Web.nAccess may be limited to ebrary affiliated libraries. 0aOrthopedics. 0aSurgery. 7aElectronic books.2local2 aebrary, Inc.40uhttp://site.ebrary.com/lib/rucke/Doc?id=10739179zAn electronic book accessible through the World Wide Web; click to view c36424d36424